| 000 | 00755nam a2200253 a 4500 | ||
|---|---|---|---|
| 001 | 000043591 | ||
| 003 | 000043591 | ||
| 005 | 20170922105821.0 | ||
| 008 | 140327s2006 dr a 000 0 spa d | ||
| 040 |
_aBPMSU _bspa _cBPMSU |
||
| 082 | 0 | 4 |
_a363.73 _bT325c, 2006 |
| 100 | 1 | _aTerrera Galarza, Francisco | |
| 245 | 1 | 0 |
_aContaminación ambiental : _bapuntes químicos / _cF. J. Terrero Galaza. |
| 250 | _a3a. ed. | ||
| 260 |
_aSanto Domingo : _bArmando, _c2006. |
||
| 300 |
_a147 p. : _bil., _c29 cm. |
||
| 650 | 4 | _aCONTAMINACIÓN | |
| 650 | 4 | _aDIVERSIDAD ECOLÓGICA | |
| 650 | 4 | _aCALIDAD AMBIENTAL | |
| 910 | _aValidado. Control de calidad MFF | ||
| 942 |
_2ddc _cBK |
||
| 945 | _aInventariado /2017 VM | ||
| 956 |
_aVMATEO _b10 _c20150922 _lBPMSU _h0069 |
||
| 999 |
_c7161 _d7161 |
||